000 00826cam a2200205 4500
001 WB3539-23
008 000000n1999 000 0 eng u
035 _a(Sirsi) u100238
245 _aConveyancing shake-up
260 _c1999
490 _aIndependent
_v4 October 1999, 1(1)
520 _aGovernment has revealed new rules to speed up conveyancing, partly aimed at beating 'gazumping'. Sellers will have to provide relevant information in a 'seller's pack', and estate agents will be under a statutory duty to ensure that sellers have complied with the rules.
590 _aWB
650 _aCONVEYANCING
650 _aGAZUMPING
650 _aHOME INFORMATION PACKS
650 _aPROPERTY-RESIDENTIAL PROPERTY-ACQUISITION AND DISPOSAL OF RESIDENTIAL PROPERTY
690 _aPROPERTY LAW AND PRACTICE
942 _n0
999 _c60024
_d60024